Řeč těla

Na minha lista:
Detalhes bibliográficos
Autor principal: Černý, Vojtěch
Formato: Livro
Idioma:tcheco
Publicado em: Brno Computer Press, a.s. 2007
Assuntos:
Tags: Adicionar Tag
Sem tags, seja o primeiro a adicionar uma tag!

MARC

LEADER 00000nam a2200000 4500
001 0119427
005 20240503113237.9
020 |a 978-80-251-1658-6 
041 0 |a cze 
044 |a CZ 
245 1 0 |a Řeč těla  |c Vojtěch Černý 
264 1 |a Brno  |b Computer Press, a.s.  |c 2007 
300 |a 254 s. 
610 2 0 |a komunikácia neverbálna 
610 2 0 |a komunikácia sociálna 
610 2 0 |a rokovania obchodné 
610 2 0 |a rozhovor 
610 2 0 |a práca s ľuďmi 
100 1 |a Černý, Vojtěch